00551 2200217 4500001002100000005001500021035002000036007000300056008004100059020001800100082001000118084001600128100001800144245005000162250001100212260004300223300002900266600001800295990001000313990001000323INLIS00000000001090120220308095317 a0010-0322000080ta220308 g 0 ind  a9789793576053 a297.6 a297.6 MUB s0 aMUBAROK, Jaih1 aSejarah peradaban dunia Islam /cJaih Mubarok aCet. 2 aBandung :bPustaka Bani Quraisy,c2005 axviii, 272 hlm. ;c21 cm 4aSejarah Islam a10101 a10101